[Event "COL-ch U16"]
[White "Valencia Lopez, Greissy Sofia"]
[Black "Oviedo Suarez, Juan Esteban"]
[Site "Florencia Caqueta"]
[Round "8"]
[Result "1-0"]
[Date "2024.10.06"]
[WhiteElo "1897"]
[BlackElo "1600"]
[PlyCount "105"]
[EventDate "2024.10.06"]
[EventType "swiss (blitz)"]
[EventRounds "9"]
[EventCountry "COL"]
[SourceTitle "CB44_2024"]
[Source "Chessbase"]
[SourceDate "2024.10.30"]
[SourceVersion "1"]
[SourceVersionDate "2024.10.30"]
[SourceQuality "1"]

1. e4 c5 2. Nf3 d6 3. d4 cxd4 4. Nxd4 Nf6 5. Nc3 a6 6. Bg5 e6 7. f4 Be7 8. Qf3 Qc7 9. 0-0-0 Nbd7 10. Bxf6 Nxf6 11. g4 b5 12. g5 Nd7 13. Nb3 Bb7 14. Bd3 b4 15. Ne2 a5 16. Kb1 a4 17. Nbd4 Nc5 18. Bb5+ Kf8 19. Ng3 b3 20. Rhe1 a3 21. Nxb3 axb2 22. f5 exf5 23. Nxf5 Nxb3 24. Qxb3 Bxg5 25. Rxd6 Rd8 26. Red1 Rxd6 27. Nxd6 Bc8 28. Nxc8 Qxc8 29. Rd7 Qe8 30. Ra7 Qe6 31. Qxe6 fxe6 32. Ra8+ Kf7 33. Rxh8 Kg6 34. Kxb2 Bf4 35. h3 Kh6 36. Bd3 g6 37. a4 Be5+ 38. Kb3 Bxh8 39. a5 Bd4 40. a6 Kg5 41. c4 Kh4 42. Bf1 Kg3 43. Kb4 Kf2 44. Bd3 Ke3 45. Bb1 Kd2 46. Ba2 Ke3 47. c5 Kxe4 48. Bxe6 Be5 49. Kb5 Bb8 50. Kb6 h6 51. c6 g5 52. c7 Bxc7+ 53. Kxc7 1-0